<?xml version="1.0" encoding="UTF-8"?>
<record
    xmlns:xsi="http://www.w3.org/2001/XMLSchema-instance"
    xsi:schemaLocation="http://www.loc.gov/MARC21/slim http://www.loc.gov/standards/marcxml/schema/MARC21slim.xsd"
    xmlns="http://www.loc.gov/MARC21/slim">

  <leader>02411cam a2200553 i 4500</leader>
  <controlfield tag="001">xx004975902</controlfield>
  <controlfield tag="003">NUKAT</controlfield>
  <controlfield tag="005">20260427133252.0</controlfield>
  <controlfield tag="008">201020s2020    pl a   g     |000 0 pol c</controlfield>
  <datafield tag="020" ind1=" " ind2=" ">
    <subfield code="a">9788380989993</subfield>
    <subfield code="q">(oprawa twarda) :</subfield>
    <subfield code="c">z&#x142; 29,00</subfield>
  </datafield>
  <datafield tag="035" ind1=" " ind2=" ">
    <subfield code="a">(OCoLC)1204367097</subfield>
  </datafield>
  <datafield tag="035" ind1=" " ind2=" ">
    <subfield code="a">(NUKAT)xx004975902</subfield>
  </datafield>
  <datafield tag="040" ind1=" " ind2=" ">
    <subfield code="a">KAT U/DB</subfield>
    <subfield code="b">pol</subfield>
    <subfield code="e">rda</subfield>
    <subfield code="c">KAT U/DBs</subfield>
    <subfield code="d">KAT U/DB</subfield>
    <subfield code="d">WR O/KB</subfield>
    <subfield code="d">OLSZT 008/bak</subfield>
  </datafield>
  <datafield tag="045" ind1="2" ind2=" ">
    <subfield code="b">d1913</subfield>
    <subfield code="b">d1951</subfield>
  </datafield>
  <datafield tag="046" ind1=" " ind2=" ">
    <subfield code="k">2020</subfield>
    <subfield code="o">1950</subfield>
    <subfield code="p">1951</subfield>
  </datafield>
  <datafield tag="100" ind1="1" ind2=" ">
    <subfield code="a">Jakimek-Zapart, El&#x17C;bieta.</subfield>
    <subfield code="e">Autor</subfield>
    <subfield code="9">40669</subfield>
  </datafield>
  <datafield tag="245" ind1="1" ind2="0">
    <subfield code="a">Sny wstan&#x105;... :</subfield>
    <subfield code="b">grypsy &#x141;ukasza Ciepli&#x144;skiego z celi &#x15B;mierci /</subfield>
    <subfield code="c">El&#x17C;bieta Jakimek-Zapart ; Instytut Pami&#x119;ci Narodowej. Komisja &#x15A;cigania Zbrodni przeciwko Narodowi Polskiemu.</subfield>
  </datafield>
  <datafield tag="246" ind1="3" ind2="0">
    <subfield code="a">Grypsy &#x141;ukasza Ciepli&#x144;skiego z celi &#x15B;mierci</subfield>
  </datafield>
  <datafield tag="260" ind1=" " ind2=" ">
    <subfield code="a">Warszawa :</subfield>
    <subfield code="b">Instytut Pami&#x119;ci Narodowej. Komisja &#x15A;cigania Zbrodni przeciwko Narodowi Polskiemu,</subfield>
    <subfield code="c">2020.</subfield>
  </datafield>
  <datafield tag="300" ind1=" " ind2=" ">
    <subfield code="a">95, [1] strona :</subfield>
    <subfield code="b">ilustracje (w tym kolorowe) ;</subfield>
    <subfield code="c">22 cm.</subfield>
  </datafield>
  <datafield tag="336" ind1=" " ind2=" ">
    <subfield code="a">Tekst</subfield>
    <subfield code="b">txt</subfield>
    <subfield code="2">rdacontent</subfield>
  </datafield>
  <datafield tag="337" ind1=" " ind2=" ">
    <subfield code="a">Bez urz&#x105;dzenia po&#x15B;rednicz&#x105;cego</subfield>
    <subfield code="b">n</subfield>
    <subfield code="2">rdamedia</subfield>
  </datafield>
  <datafield tag="338" ind1=" " ind2=" ">
    <subfield code="a">Wolumin</subfield>
    <subfield code="b">nc</subfield>
    <subfield code="2">rdacarrier</subfield>
  </datafield>
  <datafield tag="380" ind1=" " ind2=" ">
    <subfield code="a">Ksi&#x105;&#x17C;ki</subfield>
  </datafield>
  <datafield tag="380" ind1=" " ind2=" ">
    <subfield code="a">Publikacje popularnonaukowe</subfield>
  </datafield>
  <datafield tag="388" ind1="1" ind2=" ">
    <subfield code="a">1901-2000</subfield>
  </datafield>
  <datafield tag="388" ind1="1" ind2=" ">
    <subfield code="a">1945-1989</subfield>
  </datafield>
  <datafield tag="388" ind1="1" ind2=" ">
    <subfield code="a">2001-</subfield>
  </datafield>
  <datafield tag="600" ind1="1" ind2="7">
    <subfield code="a">Ciepli&#x144;ski, &#x141;ukasz</subfield>
    <subfield code="d">(1913-1951)</subfield>
    <subfield code="2">DBN</subfield>
    <subfield code="9">40670</subfield>
  </datafield>
  <datafield tag="600" ind1="1" ind2="7">
    <subfield code="a">Ciepli&#x144;ski, &#x141;ukasz</subfield>
    <subfield code="d">(1913-1951)</subfield>
    <subfield code="v">korespondencja.</subfield>
    <subfield code="2">kaba</subfield>
    <subfield code="9">40671</subfield>
  </datafield>
  <datafield tag="600" ind1="1" ind2="7">
    <subfield code="a">Ciepli&#x144;ski, &#x141;ukasz</subfield>
    <subfield code="d">(1913-1951)</subfield>
    <subfield code="x">uwi&#x119;zienie.</subfield>
    <subfield code="2">kaba</subfield>
    <subfield code="9">40672</subfield>
  </datafield>
  <datafield tag="610" ind1="2" ind2="7">
    <subfield code="a">Armia Krajowa (AK)</subfield>
    <subfield code="2">DBN</subfield>
    <subfield code="9">37309</subfield>
  </datafield>
  <datafield tag="610" ind1="2" ind2="7">
    <subfield code="a">Zrzeszenie "Wolno&#x15B;&#x107; i Niezawis&#x142;o&#x15B;&#x107;" (1945-1947)</subfield>
    <subfield code="2">DBN</subfield>
    <subfield code="9">37539</subfield>
  </datafield>
  <datafield tag="610" ind1="2" ind2="7">
    <subfield code="a">Zrzeszenie "Wolno&#x15B;&#x107; i Niezawis&#x142;o&#x15B;&#x107;" (1945-1947).</subfield>
    <subfield code="2">kaba</subfield>
    <subfield code="9">39508</subfield>
  </datafield>
  <datafield tag="648" ind1=" " ind2="7">
    <subfield code="a">1901-2000</subfield>
    <subfield code="2">DBN</subfield>
    <subfield code="9">34996</subfield>
  </datafield>
  <datafield tag="650" ind1=" " ind2="7">
    <subfield code="a">Podziemie polityczne i zbrojne (1944-1956)</subfield>
    <subfield code="2">DBN</subfield>
    <subfield code="9">37255</subfield>
  </datafield>
  <datafield tag="650" ind1=" " ind2="7">
    <subfield code="a">Ruch oporu</subfield>
    <subfield code="2">DBN</subfield>
    <subfield code="9">35814</subfield>
  </datafield>
  <datafield tag="650" ind1=" " ind2="7">
    <subfield code="a">Wi&#x119;&#x17A;niowie polityczni</subfield>
    <subfield code="2">DBN</subfield>
    <subfield code="9">37312</subfield>
  </datafield>
  <datafield tag="650" ind1=" " ind2="7">
    <subfield code="a">Procesy polityczne</subfield>
    <subfield code="z">Polska</subfield>
    <subfield code="y">1945-1970</subfield>
    <subfield code="v">&#x17A;r&#xF3;d&#x142;a.</subfield>
    <subfield code="2">kaba</subfield>
    <subfield code="9">40673</subfield>
  </datafield>
  <datafield tag="651" ind1=" " ind2="7">
    <subfield code="a">Polska</subfield>
    <subfield code="2">DBN</subfield>
    <subfield code="9">35076</subfield>
  </datafield>
  <datafield tag="655" ind1=" " ind2="7">
    <subfield code="a">Antologia</subfield>
    <subfield code="2">DBN</subfield>
    <subfield code="9">34961</subfield>
  </datafield>
  <datafield tag="655" ind1=" " ind2="7">
    <subfield code="a">Grypsy</subfield>
    <subfield code="2">DBN</subfield>
    <subfield code="9">40674</subfield>
  </datafield>
  <datafield tag="655" ind1=" " ind2="7">
    <subfield code="a">Opracowanie</subfield>
    <subfield code="2">DBN</subfield>
    <subfield code="9">35024</subfield>
  </datafield>
  <datafield tag="655" ind1=" " ind2="7">
    <subfield code="a">Wydawnictwo &#x17A;r&#xF3;d&#x142;owe</subfield>
    <subfield code="2">DBN</subfield>
    <subfield code="9">35066</subfield>
  </datafield>
  <datafield tag="658" ind1=" " ind2=" ">
    <subfield code="a">Historia</subfield>
  </datafield>
  <datafield tag="710" ind1="2" ind2=" ">
    <subfield code="a">Instytut Pami&#x119;ci Narodowej - Komisja &#x15A;cigania Zbrodni przeciwko Narodowi Polskiemu.</subfield>
    <subfield code="e">Instytucja sprawcza</subfield>
    <subfield code="e">Wydawca</subfield>
    <subfield code="4">pbl</subfield>
    <subfield code="9">11792</subfield>
  </datafield>
  <datafield tag="920" ind1=" " ind2=" ">
    <subfield code="a">978-83-8098-999-3 (oprawa twarda) : z&#x142; 29,00</subfield>
  </datafield>
  <datafield tag="942" ind1=" " ind2=" ">
    <subfield code="2">ddc</subfield>
    <subfield code="c">BK_NM</subfield>
  </datafield>
  <datafield tag="999" ind1=" " ind2=" ">
    <subfield code="c">27803</subfield>
    <subfield code="d">27803</subfield>
  </datafield>
  <datafield tag="952" ind1=" " ind2=" ">
    <subfield code="0">0</subfield>
    <subfield code="1">0</subfield>
    <subfield code="2">ddc</subfield>
    <subfield code="4">0</subfield>
    <subfield code="7">0</subfield>
    <subfield code="8">K_mag</subfield>
    <subfield code="a">BIP</subfield>
    <subfield code="b">BIP</subfield>
    <subfield code="d">2020-11-30</subfield>
    <subfield code="e">D-36/2020</subfield>
    <subfield code="f">D</subfield>
    <subfield code="g">29.00</subfield>
    <subfield code="i">59944</subfield>
    <subfield code="l">0</subfield>
    <subfield code="o">59944</subfield>
    <subfield code="p">IPWK24048</subfield>
    <subfield code="r">2026-04-27 13:33:49</subfield>
    <subfield code="w">2026-04-27</subfield>
    <subfield code="y">BK_NM</subfield>
  </datafield>
</record>
